000 00768nam a2200253Ia 4500
003 OSt
005 20220930072926.0
006 a|||||r|||| 00| 0
007 ta
008 220926b |||||||| |||| 00| 0 hin d
024 _a25705
037 _cTheses
040 _aCRL
_cCRL
_bhin
041 _2hin
_ahin
100 _aRajender Kumar
110 _aUniversity of Delhi. Faculty of Arts. Department of Sanskrit
245 0 _a20 shatabadi ke Sanskrit kavya shastriya grantho mein maulikta
260 _c1999
650 _aSANSKRIT
700 _a Siddharth Sundari Supervisor
_9530720
700 _aUniversity of Delhi. Faculty of Arts. Department of Sanskrit
942 _cDIS
_2CC
999 _c864472
_d864472